Čo je demokracia?
Gespeichert in:
| Format: | Buch |
|---|---|
| Sprache: | Slowakisch |
| Veröffentlicht: |
[S.l.]
Informačná agentúra USA
1991
|
| Ausgabe: | 1. vyd. |
| Schlagworte: | |
| Tags: |
Keine Tags, Fügen Sie das erste Tag hinzu!
|
MARC
| LEADER | 00000nam a2200000 4500 | ||
|---|---|---|---|
| 001 | c003883 | ||
| 005 | 20221206114509.8 | ||
| 041 | 0 | |a slo | |
| 044 | |a CS | ||
| 245 | 1 | 0 | |a Čo je demokracia? |
| 250 | |a 1. vyd. | ||
| 264 | 1 | |a [S.l.] |b Informačná agentúra USA |c 1991 | |
| 300 | |a 31 s. | ||
| 610 | 2 | 0 | |a demokracia |
| 610 | 2 | 0 | |a práva ľudské |
| 610 | 2 | 0 | |a zákony |
| 610 | 2 | 0 | |a politika |
| 610 | 2 | 0 | |a vláda |
| 610 | 2 | 0 | |a pluralizmus |